Statistics for Countries Ending In EA

Click here to take the quiz!

General Stats

  • This quiz has been taken 36 times
  • The average score is 5 of 6

Answer Stats

ContinentCountry% Correct
OceaniaPapua New Guinea
97%
AfricaGuinea
94%
AfricaEritrea
91%
AfricaEquatorial Guinea
83%
AsiaNorth Korea
66%
AsiaSouth Korea
66%

Score Distribution

Percentile by Number Answered

Percent of People with Each Score

Your Score History

You have not taken this quiz